00839nam a2200241Ia 4500001000600000003000900006008004100015040001300056040001300069041001300082100002400095100002900119245003000148245003800178250001100216260001200227260001600239260004900255300005600304500017100360650003500531650003100566 9620IT-RoPAU130308s9999 xx 000 0 und d aIT-RoPAU cIT-RoPAU aFRANCESE aDe Panafieu Jacques gCodice Aut. SPICS: 2926 aMass media et publicitè bMass Media-2-Chanson Disque Radio a1a ed. aTOURNAI bBloud & Gay c1966 [1° Ed.:1966 - Ed.Ling.Originale:1966] a"20 p. (prefazione: no ; testo: 20 [pagine: 5-24])" aMass Media e Pubblicità Storia della Pubblicità Pubblicità moderna Sistema Economico e Sociale Stazioni Pubblicitarie Tecniche e Linguaggio Formazione e Cultura aSAGGI DI COMUNICAZIONE SOCIALE eCodice materia Spics: 3807